00718nam a2200157 a 450000100100000000500170001000800410002704000250006824500840009326000410017730000500021871000630026895201060033195201060043799900170054300002985020240318114638.0110426s1999 dr 000 0 spa d aDO-SdBNPbspacBNPHU00aHablemos :bmanual de educación sexual para adolescentes y multiplicadores /. aSanto Domingo :bPROFAMILIA.,c1999. aVarias páginas :bil., láminas. ;c30 cm.2 aAsociación Dominicana Pro Bienestar de la Familia956602 00107-18PDaPDbPDcOId2011-04-26iLF1l0o p29850-10r2020-06-25w2020-06-25yLFPDZNo se presta 00107-18PDaPDbPDcOId2011-04-26iLF1l0o p29850-20r2020-06-25w2020-06-25yLFPDZNo se presta c29342d29342